|
|
แสดงรายละเอียดบรรณานุกรม |
|
|
Brief Record
: Get Marc (ISO 2709)
: E-mail record
: |
|
|
| LEADER 00000nam 2200000uu 4500 | |||
| 001 211308 | |||
| 003 ULIBM | |||
| 008 020711s2557 th a 000 0 tha d | |||
| 020 9786162794254 | |||
| 041 ^atha^beng | |||
| 060 4 WI950 ส995 2557 | |||
| 245 ไส้เลื่อน/^cบรรณาธิการ,จุมพล วิลาศรัศมี...[และคนอื่นๆ] | |||
| 246 30 ^aคู่มือความรู้ภาคประชาชน เรื่อง ไส้เลื่อน | |||
| 250 พิมพ์ครั้งที่ 1 | |||
| 260 กรุงเทพฯ :^bโครงการตำรารามาธิบดี คณะแพทยศาสตร์โรงพยาบาลรามาธิบดี มหาวิทยาลัยมหิดล,^c2557 | |||
| 300 64 หน้า :^bภาพประกอบ ;^c20 ซม. | |||
| 650 4 ไส้เลื่อน | |||
| 700 0 ^aจุมพล วิลาศรัศมี | |||
| 710 2 ^aมหาวิทยาลัยมหิดล. คณะแพทยศาสตร์โรงพยาบาลรามาธิบดี. โครงการตำรารามาธิบดี | |||
| 999 ^aใช้งานได้ทุกระบบ | |||
| คุณยังไม่ได้ล็อกอิน คุณสามารถมีกิจกรรมร่วมกับเว็บไซต์ได้ แต่ต้องล็อกอินก่อน :: |
|
| สถานะ | |||||||||
| 1. | หนังสือทั่วไป สถานะ=หนังสือเก่า - บริการ ณ ห้องสมุด (ห้องเหลือง) | WI950 ส995 2557 | On Shelf ขอยืม | ||||||
| Note:งบประมาณปี2559 | |||||||||
| 2. | หนังสือทั่วไป สถานะ=หนังสือเก่า - บริการ ณ ห้องสมุด (ห้องเหลือง) | WI950 ส995 2557 ฉ.2 | On Shelf ขอยืม | ||||||
| Note:งบประมาณปี2559 | |||||||||
| 3. | หนังสือทั่วไป สถานะ=หนังสือเก่า - บริการ ณ ห้องสมุด (ห้องเหลือง) | WI950 ส995 2557 ฉ.3 | On Shelf ขอยืม | ||||||
| Note:งบประมาณปี2559 | |||||||||
| 4. | หนังสือทั่วไป สถานะ=หนังสือเก่า - บริการ ณ ห้องสมุด (ห้องเหลือง) | WI950 ส995 2557 ฉ.4 | On Shelf ขอยืม | ||||||
| Note:งบประมาณปี2559 | |||||||||
| 5. | หนังสือทั่วไป สถานะ=หนังสือเก่า - บริการ ณ ห้องสมุด (ห้องเหลือง) | WI950 ส995 2557 ฉ.5 | On Shelf ขอยืม | ||||||
| Note:งบประมาณปี2559 | |||||||||
| [แสดง 5/5 รายการ] | |||||||||
BibComment |
| คอมเมนท์ทรัพยากรรายการนี้ |
|
|